Repercusiones en América Latina de los Cambios en Europa /

Na minha lista:
Detalhes bibliográficos
Autor principal: Ríos Barboza, Mayrand
Formato: Desconhecido
Idioma:Spanish
Publicado em: Heredia, Costa Rica : Escuela de Relaciones Internacionales. Universidad Nacional, 1992.
Assuntos:
Tags: Adicionar Tag
Sem tags, seja o primeiro a adicionar uma tag!

MARC

LEADER 000000000a22000000004500
001 003151
041 0 |a spa 
082 0 4 |a 327.8   |b R425r 
100 1 |a Ríos Barboza, Mayrand 
245 1 0 |a Repercusiones en América Latina de los Cambios en Europa /   |c Mayrand Ríos Barboza. 
260 1 |a Heredia, Costa Rica :   |b Escuela de Relaciones Internacionales. Universidad Nacional,   |c 1992. 
300 |a 192 páginas 
650 4 |a AMERICA LATINA 
650 4 |a RELACIONES EXTERIORES 
650 4 |a EUROPA 
650 4 |a POLITICA 
650 4 |a ASPECTOS SOCIOECONOMICOS 
999 |c 9448  |d 9448 
942 |c BK  |h 327.8 R425r  |2 z